00545nam a22001337a 450000500170000000800410001705000080005810000250006624501030009126000340019430000200022850000410024865001220028920250807095833.0250807b |||||||| |||| 00| 0 eng d bC.1 aMakori, Amos Onyansi aEffects of Isolation on Reproductive Success of Subordinate Naked Mole Rat (Heterocephalus glaber) aKisiibKisii Universityc2020 axvii, 95p.:ill. aIncludes bibliographical references. a1. Naked mole rat—Reproduction. 2. Rodents—Behavior. 3. Reproductive suppression. 4. Social isolation in animals.